| 000 | 01593cad a22002415a 4500 | ||
|---|---|---|---|
| 001 | L144521 | ||
| 008 | 080725e20080724xxkado f f000 0 eng d | ||
| 020 | _a9781409803478 | ||
| 035 | _a(Sirsi) u144521 | ||
| 041 | 0 | _aeng | |
| 050 | 0 | 4 | _a333.72 $2 18 |
| 110 | 2 |
_aUnited Kingdom _bDepartment for Communities and Local Government _94939 |
|
| 245 | 0 | 0 |
_aEco-towns sustainability appraisal _bscoping report for the Planning Policy Statement on eco-towns _h[electronic resource] |
| 260 |
_aLondon _bDCLG _c2008 |
||
| 505 | 2 | _aPlanning Policy Statement on eco-towns -- The sustainability appraisal process -- Review of other plans, programmes and objectives -- Baseline information -- Key sustainability issues -- The eco-towns SA framework -- Consultation and next steps -- Appendix A: review of plans, programmes and objectives -- Appendix B: compatability of eco-towns SA objectives and objectives map -- Appendix C: baseline information -- Appendix D: national and regional baseline indicators, trends and issues -- Appendix E: key issues from SAs of LDF core strategies | |
| 520 | _aThis scoping report is the first stage of the sustainability assessments for the eco-towns programme, and outlines the criteria on which the assessments are based. | ||
| 521 | _aAdvanced | ||
| 650 | 2 | 4 | _aECO-TOWNS |
| 651 | 4 |
_aEngland and Wales _y1543- |
|
| 690 | _aENVIRONMENTAL AND LAND CONSULTANCY-SUSTAINABILITY-SUSTAINABLE DEVELOPMENT | ||
| 856 | 4 | 0 |
_uhttps://www.communities.gov.uk/documents/housing/pdf/ecotownsscopingreport _zView the item free of charge at www.communities.gov.uk... |
| 942 | _n0 | ||
| 999 |
_c108529 _d108529 |
||